La Ilustración de Madrid : (Record no. 1198)

MARC details
000 -LEADER
campo de control de longitud fija 01599nas a2200373 i 4500
001 - NÚMERO DE CONTROL
campo de control 1198
003 - IDENTIFICADOR DE NÚMERO DE CONTROL
campo de control ES-MaACL
005 - FECHA Y HORA DE LA ÚLTIMA TRANSACCIÓN
campo de control 20250803065131.0
007 - CAMPO FIJO DE DESCRIPCIÓN FÍSICA--INFORMACIÓN GENERAL
campo de control de longitud fija t|
008 - DATOS DE LONGITUD FIJA--INFORMACIÓN GENERAL
campo de control de longitud fija 950801d18701872sp sr p 0 1 |spa d
022 ## - NÚMERO INTERNACIONAL NORMALIZADO PARA PUBLICACIONES SERIADAS
Número Internacional Normalizado para Publicaciones Seriadas 2478-7264
080 ## - NÚMERO DE LA CLASIFICACIÓN DECIMAL UNIVERSAL
Número de la Clasificación Decimal Universal (460)
080 ## - NÚMERO DE LA CLASIFICACIÓN DECIMAL UNIVERSAL
Número de la Clasificación Decimal Universal 008
222 ## - TÍTULO CLAVE
Título clave La Ilustración de Madrid
Información calificativa Madrid. 1870
245 03 - MENCIÓN DEL TÍTULO
Título La Ilustración de Madrid :
Resto del título revista de política, ciencias, artes y literatura.
260 ## - PUBLICACIÓN, DISTRIBUCIÓN, ETC.
Lugar de publicación, distribución, etc. Madrid :
Nombre del editor, distribuidor, etc. [s.n],
Fecha de publicación, distribución, etc. 1870-[1872]
Fabricante (Imp. de El Imparcial)
300 ## - DESCRIPCIÓN FÍSICA
Extensión 2 volúmenes :
Otras características físicas ilustraciones (blanco y negro) ;
Dimensiones 39 cm
310 ## - PERIODICIDAD ACTUAL
Periodicidad actual Quincenal
362 0# - FECHAS DE PUBLICACIÓN Y/O DESIGNACIÓN SECUENCIAL
Fecha de publicación y/o designación secuencial Año 1, n. 1 (12 en. 1870)-año 3, n. 58 (30 mayo 1872)-(dic. 1872)
530 ## - NOTA DISPONIBLE DE FORMULARIO FÍSICO ADICIONAL
Nota de formato físico adicional disponible Disponible en formato digital
555 ## - NOTA DE ÍNDICE ACUMULATIVO U OTROS INSTRUMENTOS BIBLIOGRÁFICOS
Nota de índice acumulativo u otros instrumentos bibliográficos Índices anuales
594 ## - Nota al título y mención de responsabilidad
Nota al título y mención de responsabilidad Director, Eduardo Gasset y Artime; director literario, Gustavo Adolfo Bécquer
650 #7 - PUNTO DE ACCESO ADICIONAL DE MATERIA--TÉRMINO DE MATERIA
Término de materia o nombre geográfico como elemento de entrada Cultura
Fuente del encabezamiento o término embne
9 (RLIN) 170963
655 #4 - TERMINO DE INDIZACIÓN--GENERO/FORMA
Datos o término principal de género/forma Revistas literarias
9 (RLIN) 176430
655 #4 - TERMINO DE INDIZACIÓN--GENERO/FORMA
Datos o término principal de género/forma Revistas de información general
9 (RLIN) 226864
700 1# - ENTRADA AGREGADA--NOMBRE PERSONAL
Nombre de persona Gasset y Artime, Eduardo,
Fechas asociadas al nombre 1832-1884
Término indicativo de función/relación Director de publicación
9 (RLIN) 163507
700 1# - ENTRADA AGREGADA--NOMBRE PERSONAL
Nombre de persona Bécquer, Gustavo Adolfo,
Fechas asociadas al nombre 1836-1870
Término indicativo de función/relación Editor literario
9 (RLIN) 26974
787 0# - ENTRA/ENLACE A OTRAS RELACIONES
Título Almanaque de La Ilustración de Madrid
852 4# - LOCALIZACIÓN
Ubicación ES-MaACL
Ubicación en estantería Depósito 1
Número de control de estantería HEM-37
itemnumber 1223
856 4# - LOCALIZACIÓN Y ACCESO ELECTRÓNICOS
Identificador Uniforme de Recursos <a href="https://prensahistorica.mcu.es/es/consulta/registro.do?id=6133">https://prensahistorica.mcu.es/es/consulta/registro.do?id=6133</a>
Texto de enlace Versión en línea
Nota pública (Biblioteca Virtual de Prensa Histórica)
856 4# - LOCALIZACIÓN Y ACCESO ELECTRÓNICOS
Identificador Uniforme de Recursos <a href="https://bibliotecavirtualmadrid.comunidad.madrid/bvmadrid_publicacion/es/consulta/registro.do?id=543">https://bibliotecavirtualmadrid.comunidad.madrid/bvmadrid_publicacion/es/consulta/registro.do?id=543</a>
Texto de enlace Versión en línea
Nota pública (Biblioteca Digital de Madrid)
942 ## - ELEMENTOS DE ENTRADA SECUNDARIOS (KOHA)
Fuente del sistema de clasificación o colocación Clasificación decimal universal
Tipo de ítem Koha Revista
Suprimir en OPAC No
Holdings
Estatus retirado Estado de pérdida Fuente del sistema de clasificación o colocación Estado de daño No para préstamo Colección Biblioteca de origen Biblioteca actual Ubicación en estantería Fecha de adquisición Fuente de adquisición Total de préstamos Signatura topográfica completa Código de barras Visto por última vez Tipo de ítem Koha
    Clasificación decimal universal     Periódicos y Revistas Biblioteca del Ateneo de Madrid Biblioteca del Ateneo de Madrid Depósito 1 17/01/2008 Donación   HEM-37 1001220 23/02/2023 Revista